| 000 | 00877cam a2200169 i 4500 | ||
|---|---|---|---|
| 020 |
_a0684147319 : _a0684147327 |
||
| 082 | 0 | 0 |
_a814 _bTRI |
| 100 | 1 |
_aTrilling, Lionel, _950684 |
|
| 245 | 1 | 4 |
_aThe liberal imagination : _bessays on literature and society / _cby Lionel Trilling. |
| 260 |
_aNew York : _bScribner, _c[1976] c1950. |
||
| 300 |
_axvi, 303 p. ; _c21 cm. |
||
| 505 | 0 | _aReality in America.--Sherwood Anderson.--Freud and literature.--The Princess Casamassima.--The function of the little magazine.--Huckleberry Finn.--Kipling.--The immortality Ode.--Art and neurosis.--The sense of the past.--Tacitus now.--Manners, morals, and the novel.--The Kinsey Report.--F. Scott Fitzgerald.--Art and fortune.--The meaning of a literary idea. | |
| 526 |
_a0 _b0 _c0 _d814_000000000000000_TRI |
||
| 650 | 0 |
_aLiterature and society. _950685 |
|
| 650 | 0 |
_aMCE _9379 |
|
| 942 |
_2ddc _cBK |
||
| 999 |
_c553449 _d553449 |
||